| LEADER 00000nam 2200000uu 4500 |
| 001 209829 |
| 003 ULIBM |
| 008 140514s2012||||th 000 0 eng d |
| 020 ^a9780781769150
|
| 041 0 ^aeng
|
| 060 04 ^aWX218 G118c 2012
|
| 100 1 ^aGabrielli, Andrea
|
| 245 10 ^aCivetta, Taylor, and Kirbys manual of critical care /^cAndrea Gabrielli, A. Joseph Layon, Mihae Yu
|
| 246 30 ^aManual of critical care
|
| 250 ^a1st ed.
|
| 260 ^aPhiladelphia :^bWolters Kluwer/Lippincott Williams &Wilkins Health,^cc2012
|
| 300 ^axx, 1019 p. :^bill. ;^c28 cm.
|
| 650 4 Critical Care
|
| 650 4 Intensive Care Units
|
| 650 4 Handbooks
|
| 700 1 ^aLayon, A. Joseph,ed.
|
| 700 1 ^aYu, Mihae,ed.
|
| 999 ^aใช้งานได้ทุกระบบ
|